| Поле | Название | Значение |
| |
Тип записи |
a |
| |
Библиографический уровень |
m |
| 001 |
Контрольный номер |
RU/URAIT/589995 |
| 005 |
Дата корректировки |
20260429163601.6 |
| 008 |
Кодируемые данные |
260429s2026 RU y f j 000 0 rus u |
| 020 |
Индекс ISBN |
__ |
| a |
ISBN |
978-5-534-20792-7 |
| c |
Цена, тираж |
959.00 |
| 040 |
Источник каталогиз. |
__ |
| a |
Служба первич. каталог. |
ИКО Юрайт |
| c |
Служба, преобразующая запись |
ИКО Юрайт |
| e |
Правила каталог. |
RCR |
| 041 |
Код языка издания |
__ |
| a |
Код языка текста |
rus |
| 044 |
Код страны публикации |
__ |
| a |
Код страны публикации |
RU |
| 080 |
Индекс УДК |
__ |
| a |
Индекс УДК |
67.02(075.32) |
| 084 |
Индекс другой классификации/Индекс ББК |
__ |
| 2 |
Источник индекса |
rubbk |
| a |
Индекс другой классификации/Индекс ББК |
38.3я723 |
| 100 |
Автор |
__ |
| a |
Автор |
Бойко Ю. А. |
| q |
Полное имя |
Бойко Юлия Алексеевна |
| 245 |
Заглавие |
__ |
| a |
Заглавие |
Художественная обработка материалов. Керамика |
| b |
Продолж. заглавия |
учебное пособие для спо |
| c |
Ответственность |
Ю. А. Бойко, Л. А. Комиссарова ; ответственный редактор В. Б. Лившиц. |
| 256 |
Характеристики компьютерного файла |
__ |
| a |
Характеристики компьютерного файла |
Электрон. дан. |
| 260 |
Выходные данные |
__ |
| a |
Место издания |
Москва |
| b |
Издательство |
Юрайт |
| c |
Дата издания |
2026 |
| 300 |
Физическое описание |
__ |
| a |
Объем |
156 с |
| 440 |
Серия |
__ |
| a |
Серия |
Профессиональное образование |
| 500 |
Примечания |
__ |
| a |
Примечание |
URL: https://urait.ru/bcode/589995 (дата обращения: 29.04.2026). |
| 520 |
Аннотация |
__ |
| a |
Аннотация |
В курсе освещены основы технологии изготовления изделий из керамики способами литья, пластическими способами формования и лепкой из целого куска глины. Описаны принципиальные особенности формообразования изделий, основные операции технологического процесса и применяемое оборудование. Соответствует актуальным требованиям федерального государственного образовательного стандарта среднего профессионального образования и профессиональным требованиям. Курс будет полезен широкому кругу читателей, интересующихся технологией изготовления художественных изделий из керамики. |
| 538 |
Прим. о системных особенностях |
__ |
| a |
Прим. о системных особенностях |
Режим доступа: Электронно-библиотечная система Юрайт, для авториз. пользователей |
| 653 |
Ключевые слова |
__ |
| a |
Ключевые слова |
Материаловедение |
| 653 |
Ключевые слова |
__ |
| a |
Ключевые слова |
Технические науки |
| 653 |
Ключевые слова |
__ |
| a |
Ключевые слова |
Художественная обработка материалов с практикумом |
| 653 |
Ключевые слова |
__ |
| a |
Ключевые слова |
Художественная обработка материалов |
| 653 |
Ключевые слова |
__ |
| a |
Ключевые слова |
Декоративно-художественная обработка материалов |
| 700 |
Другие авторы |
__ |
| a |
Другие авторы |
Комиссарова Л. А. |
| q |
Полное имя |
Комиссарова Людмила Анатольевна |
| 700 |
Другие авторы |
__ |
| a |
Другие авторы |
Лившиц В. Б. |
| q |
Полное имя |
Лившиц Виктор Борисович |
| 856 |
Электронный адрес документа |
40 |
| n |
Местонахождение сервера |
Юрайт |
| g |
|
Электронная книга |
| q |
Тип электронного формата |
html |
| h |
Имя пользователя |
ЮРАЙТ |
| v |
Часы доступа к ресурсу |
20271231 |
| 2 |
Способ доступа |
Показать документ |
| x |
Служебное примечание |
https://urait.ru/book/cover/10C56591-A197-440A-9219-739CF398E8E6 |
| u |
URL |
https://urait.ru/bcode/589995 |
| 856 |
Электронный адрес документа |
48 |
| q |
Тип электронного формата |
cover |
| u |
URL |
https://urait.ru/book/cover/10C56591-A197-440A-9219-739CF398E8E6 |
| 911 |
|
__ |
| u |
|
0030=https://urait.ru/bcode/589995 |
| 911 |
|
__ |
| u |
|
073a=9785534207927 |
| u |
|
073d=959.00 |
| 911 |
|
__ |
| u |
|
106a=s |
| 911 |
|
__ |
| u |
|
900l= |
| 952 |
Тип литературы |
__ |
| i |
Дисциплина |
Художественная обработка материалов с практикумом |
| 952 |
Тип литературы |
__ |
| i |
Дисциплина |
Художественная обработка материалов |
| 952 |
Тип литературы |
__ |
| i |
Дисциплина |
Декоративно-художественная обработка материалов |